| 000 | 00577nmm a2200193Ia 4500 | ||
|---|---|---|---|
| 008 | 251105s9999||||xx |||||||||||||||||und|| | ||
| 020 | _a9788498415681 | ||
| 041 | _aspa | ||
| 100 | _aLindell, Unni | ||
| 245 | 0 |
_aLa trampa de miel : _b El primer caso de la agente Marian Dahle |
|
| 264 |
_a[Madrid, España] : _bSiruela, _c2011 |
||
| 300 | _a410 páginas | ||
| 490 | _aNuevos Tiempos / Policiaca | ||
| 650 | _aThriller & Suspense | ||
| 700 | _aLindell, Unni | ||
| 700 | 1 | _a Tollefsen, Lotte K. | |
| 856 | _uhttps://public.digitaliapublishing.com/a/32043 | ||
| 942 | _cCF | ||
| 999 |
_c67858 _d67858 |
||